000 00262nam a2200097Ia 4500
082 _aJ|912|WALL
245 0 _aWorld picture atlas
100 _a Wallace, Holly, , 1961- London, 2009
_946708
942 _cBK
008 210817s9999 xx 000 0 und d
999 _c153347
_d153346